Aspects of Rhodesian land policy, 1890-1936 (Record no. 34917)
[ view plain ]
| 000 -LEADER | |
|---|---|
| fixed length control field | 00547nam a2200145 a 4500 |
| 008 - FIXED-LENGTH DATA ELEMENTS--GENERAL INFORMATION | |
| fixed length control field | 120416s1968 ||||||||||||||||| || u |
| 050 ## - LIBRARY OF CONGRESS CALL NUMBER | |
| Classification number | HD 1265.Z7 Pal |
| 100 ## - MAIN ENTRY--PERSONAL NAME | |
| Personal name | Palmer, Robin H |
| 245 10 - TITLE STATEMENT | |
| Title | Aspects of Rhodesian land policy, 1890-1936 |
| 260 ## - PUBLICATION, DISTRIBUTION, ETC. | |
| Place of publication, distribution, etc. | Harare |
| Name of publisher, distributor, etc. | The Central African Historical Association |
| Date of publication, distribution, etc. | 1968 |
| 350 ## - PRICE (NR) (BK AM CF MU VM SE) [OBSOLETE] | |
| Price | 0.00 |
| 650 ## - SUBJECT ADDED ENTRY--TOPICAL TERM | |
| Topical term or geographic name entry element | LAND POLICY--RHODESIA |
| 650 ## - SUBJECT ADDED ENTRY--TOPICAL TERM | |
| Topical term or geographic name entry element | LAND |
| 995 ## - RECOMMENDATION 995 [LOCAL, UNIMARC FRANCE] | |
| -- | 0.00 |
| -- | CBU-MAIN LIBRARY (Kitwe) |
| -- | 1 |
| -- | 85.00 |
| -- | 1 |
| -- | AVAILABLE |
| -- | Apr 11, 2007 |
| -- | Zambiana Collection |
| Withdrawn status | Lost status | Source of classification or shelving scheme | Damaged status | Not for loan | Home library | Current library | Shelving location | Date acquired | Total Checkouts | Full call number | Barcode | Date last seen | Price effective from | Koha item type |
|---|---|---|---|---|---|---|---|---|---|---|---|---|---|---|
| CBU-MAIN LIBRARY, KITWE. | CBU-MAIN LIBRARY, KITWE. | 11/30/2022 | HD 1265.Z7 Pal | 029046 | 11/30/2022 | 11/30/2022 | MONOGRAPH |